Cincuentenario de los Servicios técnicos de agricultura
Publicado:
San Jorge, núm. 76 (4t trimestre 1969), pàg. 73 - 74 :
MARC
| LEADER | 00000nam a2200000Ia 4500 | ||
|---|---|---|---|
| 001 | |||
| 008 | 160829s9999 xx 000 0 cat d | ||
| 245 | |a Cincuentenario de los Servicios técnicos de agricultura | ||
| 260 | |a San Jorge, núm. 76 (4t trimestre 1969), pàg. 73 - 74 | ||
| 610 | 2 | 0 | |a Institut Agrícola Català de Sant Isidre |9 53078 |
| 610 | 2 | 0 | |a Escola Pràctica d'Agricultura (Caldes de Montbui) |9 54571 |
| 650 | |a Barcelona. Diputació. Serveis Tècnics d'Agricultura | ||
| 650 | |a Biblioteques |x Cornellà de Llobregat |9 44720 | ||
| 901 | |a Arxiu | ||
| 942 | |n 1 | ||
| 952 | |0 0 |1 0 |4 0 |7 1 |9 47505 |a Arxiu |b Arxiu |d 2016-12-01 |l 0 |r 2016-12-01 00:00:00 |w 2016-12-01 |y ARXIU | ||
| 999 | |c 51304 |d 51304 | ||